000 007330000a22002890004500
500 _aBibliography: p. 175-184
650 _aEconomic development
650 _aEconomic policy
650 _aPoverty alleviation
650 _aAgriculture
651 _aNepal
015 _aNNB
082 _a338.9
_bUn2
_cN
518 _a2006-09-08
530 _aM
100 _aKhanal, Dilli Raj
100 _aRajkarnikar, Pushpa Raj
100 _aAcharya, Keshav Prasad
100 _aUpreti, Dilli Ram
245 _aUnderstanding reforms in Nepal; political economy and institutional perspective
020 _a99946-808-1-1
260 _aKathmandu
260 _c2005
300 _axiv, 194p.
041 _aEng
942 _cGEN
999 _c37855
_d37855